[Event "Basel Hilton op 02nd"]
[Site "Basel"]
[Date "2000.??.??"]
[Round "5"]
[White "Lauterbach, James"]
[Black "Jud, Marc"]
[Result "0-1"]
[WhiteElo "1502"]
[BlackElo "1776"]
[PlyCount "120"]
[EventDate "2000.01.01"]
[EventType "swiss"]
[EventRounds "7"]
[EventCountry "SUI"]
[SourceTitle "CBM 074 Extra"]
[Source "ChessBase"]
[SourceDate "2000.03.10"]
[SourceVersion "2"]
[SourceVersionDate "2000.03.10"]
[SourceQuality "1"]

1. c4 Nf6 2. Nf3 e6 3. e3 b6 4. a3 Bb7 5. Be2 d6 6. 0-0 Be7 7. b3 Nbd7 8. Bb2 0-0 9. d3 Rc8 10. Nbd2 c5 11. Ne1 d5 12. f4 dxc4 13. bxc4 Qc7 14. Bf3 Rfd8 15. Bxb7 Qxb7 16. Rf3 Nf8 17. Rg3 Ng6 18. Ndf3 Ne4 19. Rh3 Nd6 20. Ne5 Nxe5 21. Bxe5 g6 22. Qg4 Nf5 23. e4 Ng7 24. f5 exf5 25. exf5 Nxf5 26. Nc2 Qc6 27. Rf1 Qe6 28. Rhf3 Nh4 29. Qxe6 Nxf3+ 30. Rxf3 fxe6 31. h3 Rf8 32. Re3 Rf5 33. Bc3 Bf6 34. Bxf6 Rxf6 35. Ne1 Rcf8 36. Nf3 Rd8 37. a4 Rf4 38. Kh2 Kg7 39. Kg3 Rf5 40. Kf2 e5 41. g4 Rf7 42. Ke2 Re7 43. Re4 Rf8 44. Ke3 Rf4 45. Nh4 Rxe4+ 46. dxe4 Rd7 47. Nf3 Kf6 48. Ke2 Rd4 49. Nxd4 cxd4 50. h4 Ke6 51. Kd3 Kd6 52. Kc2 Kc5 53. Kb3 d3 54. Kc3 d2 55. Kxd2 Kxc4 56. Kc2 Kd4 57. Kd2 Kxe4 58. Ke2 Kf4 59. g5 Kg4 60. Ke3 Kxh4 0-1

[Event "Basel Hilton op 02nd"]
[Site "Basel"]
[Date "2000.??.??"]
[Round "3"]
[White "Lauterbach, James"]
[Black "Ledermann, Wolfgang"]
[Result "0-1"]
[WhiteElo "1502"]
[BlackElo "1798"]
[PlyCount "72"]
[EventDate "2000.01.01"]
[EventType "swiss"]
[EventRounds "7"]
[EventCountry "SUI"]
[SourceTitle "CBM 074 Extra"]
[Source "ChessBase"]
[SourceDate "2000.03.10"]
[SourceVersion "2"]
[SourceVersionDate "2000.03.10"]
[SourceQuality "1"]

1. c4 Nf6 2. e3 c5 3. Nc3 g6 4. Nf3 Bg7 5. b3 0-0 6. Rb1 Nc6 7. e4 d6 8. h3 Nd7 9. Nd5 e6 10. Nf4 Nde5 11. Be2 Nb4 12. a3 Nbc6 13. Qc2 Nxf3+ 14. Bxf3 Qf6 15. Ne2 Ne5 16. Ng1 Qd8 17. Be2 b6 18. Bb2 d5 19. d4 cxd4 20. Bxd4 Bb7 21. Rd1 Qh4 22. Qc3 f6 23. exd5 exd5 24. g3 Qe4 25. f3 Qf5 26. Bxe5 fxe5 27. cxd5 e4 28. Qe3 exf3 29. Nxf3 Rae8 30. Qf4 Qc2 31. Qc4 Qxc4 32. bxc4 Rxf3 33. d6 Bc3+ 34. Rd2 Rd3 35. d7 Bxd2+ 36. Kd1 Rxd7 0-1